| 000 | 02449nam0a2200385 4500 | ||
|---|---|---|---|
| 001 | RU\NLR\BIBL_A\010434527 | ||
| 005 | 20260406110927.0 | ||
| 010 |
_a978-5-98811-275-4 _9500 |
||
| 021 |
_aRU _b2014-39197 _92388 |
||
| 021 |
_aRU _b2014-94518 _95747 |
||
| 035 | _a(NILC)LIBNET\0000458507 | ||
| 035 | _a(NLR Aleph) 010434527 | ||
| 090 |
_a9864705 _c9864705 |
||
| 100 | _a20140724d2014 |||y0rusy50 ca | ||
| 101 | 0 | _arus | |
| 102 | _aRU | ||
| 105 | _aa|||j|||001yy | ||
| 200 | 1 |
_aСанитарно-эпидемиологическая экспертиза пищевой продукции _eучебное пособие _eдля системы послевузовского и дополнительного профессионального образования врачей _fВ.А. Тутельян, Б.П. Суханов, М.Г. Керимова, Е.В. Елизарова _g[М-во здравоохранения Рос. Федерации, Гос. бюджет. образоват. учреждение высш. проф. образования Первый Моск. гос. мед. ун-т им. И.М. Сеченова] |
|
| 210 |
_aМосква _cПрактическая медицина _d2014 |
||
| 215 |
_a158 с. _cил. _d20 |
||
| 300 | _aНа обороте тит. л. авт.: В.А. Тутельян, д.м.н., проф., акад. РАМН, Б.П. Суханов, М.Г. Керимова, доктора мед. наук, профессора, Е.В. Елизарова, к.м.н., доц. | ||
| 320 | _aБиблиогр.: с. 150-158 (82 назв.) | ||
| 606 | 1 |
_aПищевые продукты _jУчебные издания для последипломного образования _xСанитарно-эпидемиологический надзор _92428035 _3RU\NLR\AUTH\661445435 |
|
| 686 | 1 | _aР123.1я77 | |
| 701 | 1 |
_8rus _7ca _aТутельян _bВ. А. _f1942- _gВиктор Александрович _3RU\NLR\AUTH\77114680 _997605 |
|
| 701 | 1 |
_aСуханов _bБ. П. _gБорис Петрович |
|
| 701 | 1 |
_aКеримова _bМ. Г. _gМарина Гасановна |
|
| 701 | 1 |
_aЕлизарова _bЕ. В. _gЕлена Викторовна |
|
| 801 | 0 |
_aRU _bЦНМБ _c20140529 _gRCR |
|
| 801 | 1 |
_aRU _bЦНМБ _c20140529 _2rusmarc |
|
| 801 | 2 |
_aRU _bЦНМБ _c20140620 _2rusmarc |
|
| 942 | _cBOOK | ||
| 980 | _aNB | ||